Name Every Single Clique from the Republic of China in April 1917 - Statistics

General Stats
  • This quiz has been taken 7 times
  • The average score is 9 of 22
Answer Stats
Clique % Correct
Yunnan
86%
Fengtian
57%
Hunan
57%
Old {Guangxi}
57%
Shaan
57%
Shaanxi
57%
Shanxi
57%
Xinjiang
57%
Zhili
57%
Gan
43%
Gansu
43%
Guangdong
43%
Guizhou
43%
Shandong
43%
Su
43%
Henan
29%
Zhejiang
29%
Chengdu
0%
Fuijan
0%
Hei
0%
Kang
0%
Ninghai
0%
No matching quizzes found
Score Distribution
Percent of People with Each Score
Percentile by Number Answered
Your Score History
You have not taken this quiz